Giáo trình khí tượng nông nghiệp (Dùng trong các trường THCN)

Trình bày sơ lược phát triển khí tượng nông nghiệp. Khí tượng đại cương: thành phần không khí trong khí quyển, bức xạ mặt trời, nhiệt độ của đất và không khí, tuần hoàn nước, khí áp và gió. Sử dụng hợp lí tài nguyên khí hậu nông n...

Ful tanımlama

Kaydedildi:
Detaylı Bibliyografya
Yazar: Đoàn, Văn Điếm
Materyal Türü: Kitap
Dil:Undetermined
Baskı/Yayın Bilgisi: Hà Nội Nhà xuất bản Hà Nội 2007
Konular:
Etiketler: Etiketle
Etiket eklenmemiş, İlk siz ekleyin!
Thư viện lưu trữ: Trung tâm Học liệu Trường Đại học Cần Thơ
LEADER 01163nam a2200217Ia 4500
001 CTU_142691
008 210402s9999 xx 000 0 und d
020 |c 33000 
082 |a 630.2515 
082 |b Đ304 
100 |a Đoàn, Văn Điếm 
245 0 |a Giáo trình khí tượng nông nghiệp 
245 0 |b (Dùng trong các trường THCN) 
245 0 |c Đoàn Văn Điếm (chủ biên); Vũ Thị Quỳnh Nga 
260 |a Hà Nội 
260 |b Nhà xuất bản Hà Nội 
260 |c 2007 
520 |a Trình bày sơ lược phát triển khí tượng nông nghiệp. Khí tượng đại cương: thành phần không khí trong khí quyển, bức xạ mặt trời, nhiệt độ của đất và không khí, tuần hoàn nước, khí áp và gió. Sử dụng hợp lí tài nguyên khí hậu nông nghiệp. Các bài thực hành khí tượng nông nghiệp 
650 |a Meteorology, Agricultural,Khí tượng nông nghiệp 
904 |i Nguyên 
980 |a Trung tâm Học liệu Trường Đại học Cần Thơ